Religion in North Macedonia - Statistics

General Stats
  • This quiz has been taken 84 times
  • The average score is 4 of 6
Answer Stats
Percentage Religion % Correct
28.6% Islam
92%
69.6% Orthodox
88%
0.4% Catholic
81%
0.7% Christian
57%
0.5% None
40%
0.2% Other
35%
No matching quizzes found
Score Distribution
Percent of People with Each Score
Percentile by Number Answered
Your Score History
You have not taken this quiz